| 000 | 00585nam a2200205 u 4500 | ||
|---|---|---|---|
| 005 | 20240417063645.0 | ||
| 008 | 100810s2000 cl r 000 0 spa d | ||
| 020 | _a9582005424 | ||
| 035 | _aUPN01000177265 | ||
| 049 | _aCG | ||
| 050 | 4 |
_aPQ8180.2 A7.2 _bS3.3 |
|
| 100 | 1 |
_aJaramillo Campo, Luz, _d1935- |
|
| 245 | 1 | 0 |
_aSagrada familia / _cLuz Jaramillo Campo. |
| 260 |
_aSanta Fé de Bogotá : _bMagisterio, _c2000. |
||
| 300 | _a77 p. | ||
| 440 | 0 |
_aPiedra de sol. _pNarrativa |
|
| 650 | 7 |
_aLiteratura juvenil colombiana _2 _913859 |
|
| 650 | 4 |
_aFamilias _944286 |
|
| 905 | _aLibro | ||
| 999 |
_c149368 _d149368 |
||